000 00485nam a2200169Ia 4500
003 IN-BaIIA
008 211028s9999 xx 000 0 eng d
020 _a2-36-15453-2
040 _cIIA Library
100 _aMuthuswamy, P
_97319
245 0 _aContributory provident fund (central services) rules
_cP. Muthuswamy
260 _aMadras
_bSwamy Publishers
_c1974
300 _a214p.
650 _aAstronomy and Astrophysics Thesaurus
650 _aHistory-Astronomy
_91125
942 _cBK
999 _c4662
_d4662